| 000 | 00872cam a22002292 4500 | ||
|---|---|---|---|
| 001 | 0000002658 | ||
| 005 | 20151217151901.0 | ||
| 008 | 070417s xx 000 0 eng d | ||
| 020 |
_a0435080164 : _cKES 430 |
||
| 040 |
_aKABU _cKABU |
||
| 050 | 0 |
_aPL8010 _b.N481 |
|
| 100 | 1 |
_aNgugi wa Thiong'o. _@0000169524 |
|
| 245 | 1 | 0 |
_aDecolonising the mind : _bthe politics of language in African literature / _cNgugi was Thiong'o. |
| 260 |
_aLondon : _aJames Currey; _aNairobi : _bEast African Educational Publishers : _bPortsmouth N.H : _bHeinemann, _c1986. |
||
| 300 |
_axiv, 114 p. ; _c22 cm. |
||
| 440 | 0 |
_aStudies in African literature _@0000152110 |
|
| 651 | 0 |
_aAfrican literature _xHistory and criticism. _@0000152112 |
|
| 651 | 0 |
_aAfrica _xLanguages _xPolitical. _@0000152113 |
|
| 852 | 1 | _9p2436 KES | |
| 908 | _a070417 | ||
| 950 | _@1 | ||
| 999 |
_c5960 _d5960 |
||